000 00757nam a2200181 4500
001 1020
005 20230410143536.0
008 060907n1993 dr spa
035 _9funglode1026
041 _aES
050 1 4 _aT 24.A1 E82 1993
245 0 _aEstrategias, planificación y gestión de ciencia y tecnología /
_cEduardo Martínez, editor
260 _aCaracas :
_bCEPAL - ILPES; UNESCO,
_c1993
300 _a518 p. / 23 cm.
520 _aDesarrollo y planificación en América Latina, 21. -- El progreso tecnológico en América Latina, 99. -- Planificación y gestión de ciencia y tecnología, 185. -- Glosario de la planificación y gestión de ciencia y tecnología, 503
700 _aMartínez, Eduardo, ed
942 _2lcc
_cbk
999 _c103566
_d103566